=LDR 00000nam 2200000 4500 =001 INLIS000000000006693 =005 20130612094813 =008 ***********************************Ind** =035 ##$$0010-061300000006693 =041 ##$$a Ind =082 ##$$a 005.369 =090 ##$$a 005.369, Qua q =245 ##$$a Quattro pro for windows =260 ##$$a 1993 $b Yogyakarta =300 ##$$a vii, 63 hlm., Ilus., 23 cm =650 ##$$a Komputer =850 ##$$a NBPNMAT